5 pays manquants sur une carte - Statistiques

Statistiques générales
  • Ce quiz a été pris 288 fois
  • Le résultat moyen est 3 sur 5
Réponses sur la Carte
Les réponses sont colorées sur une échelle allant du rouge au vert en fonction du pourcentage des utilisateurs qui les ont devinées à leur premier essai. Vous pouvez retrouver ces pourcentages ci-dessous.
 
Statistiques - réponses
Pays % Correct
Algérie
100%
Allemagne
100%
Arabie Saoudite
100%
Argentine
100%
Autriche
100%
Azerbaïdjan
100%
Bénin
100%
Bolivie
100%
Botswana
100%
Brésil
100%
Burkina Faso
100%
Cambodge
100%
Cameroun
100%
Canada
100%
Chine
100%
Colombie
100%
Corée du Nord
100%
Costa Rica
100%
Côte d'Ivoire
100%
Croatie
100%
Égypte
100%
Espagne
100%
États-Unis
100%
Éthiopie
100%
Géorgie
100%
Guatemala
100%
Guinée
100%
Hongrie
100%
Irak
100%
Islande
100%
Japon
100%
Kazakhstan
100%
Kenya
100%
Koweït
100%
Lesotho
100%
Lettonie
100%
Libye
100%
Luxembourg
100%
Macédoine du Nord
100%
Malawi
100%
Mali
100%
Maroc
100%
Mexique
100%
Mongolie
100%
Mozambique
100%
Namibie
100%
Népal
100%
Niger
100%
Norvège
100%
Nouvelle-Zélande
100%
Ouzbékistan
100%
Pakistan
100%
Panama
100%
Paraguay
100%
Pérou
100%
Pologne
100%
République Centrafricaine
100%
République Démocratique du Congo
100%
République du Congo
100%
République Tchèque
100%
Royaume-Uni
100%
Russie
100%
Sénégal
100%
Serbie
100%
Sierra Leone
100%
Slovaquie
100%
Soudan
100%
Suède
100%
Taïwan
100%
Tchad
100%
Turquie
100%
Ukraine
100%
Italie
88%
Afghanistan
86%
Équateur
83%
Portugal
83%
Zambie
83%
Biélorussie
80%
Chili
80%
Indonésie
80%
Israël
80%
Mauritanie
80%
Roumanie
80%
Belgique
75%
Bulgarie
75%
Comores
75%
Nigeria
75%
Slovénie
75%
Tanzanie
75%
Zimbabwe
75%
Malaisie
71%
Tunisie
71%
Afrique du Sud
67%
Angola
67%
Australie
67%
Birmanie
67%
Corée du Sud
67%
Djibouti
67%
États Fédérés de Micronésie
67%
Guyana
67%
Irlande
67%
Maldives
67%
Moldavie
67%
Nicaragua
67%
Philippines
67%
Samoa
67%
Thaïlande
67%
Togo
67%
Syrie
60%
Érythrée
57%
Madagascar
57%
Pays-Bas
57%
Bosnie-Herzégovine
50%
Burundi
50%
Cuba
50%
Estonie
50%
Eswatini
50%
Finlande
50%
Gabon
50%
Grèce
50%
Îles Salomon
50%
Jamaïque
50%
Kirghizistan
50%
Lituanie
50%
Nauru
50%
Oman
50%
Rwanda
50%
Sri Lanka
50%
Suisse
50%
Suriname
50%
Uruguay
50%
Vanuatu
50%
Venezuela
50%
Viêt Nam
50%
Yémen
50%
Arménie
40%
Chypre
40%
Émirats Arabes Unis
40%
Laos
40%
Liberia
40%
Malte
40%
Sao Tomé-et-Principe
40%
Albanie
33%
Bangladesh
33%
Danemark
33%
Ghana
33%
Guinée-Bissau
33%
Monténégro
33%
Ouganda
33%
Honduras
25%
Îles Marshall
25%
Qatar
25%
Salvador
25%
Timor Oriental
25%
Somalie
20%
Tonga
20%
Bahamas
17%
Gambie
17%
Belize
0%
Bhoutan
0%
Cap-Vert
0%
Fidji
0%
France
0%
Guinée Équatoriale
0%
Haïti
0%
Inde
0%
Iran
0%
Jordanie
0%
Kiribati
0%
Kosovo
0%
Liban
0%
Maurice
0%
Palaos
0%
Papouasie-Nouvelle-Guinée
0%
République Dominicaine
0%
Seychelles
0%
Soudan du Sud
0%
Tadjikistan
0%
Trinité-et-Tobago
0%
Turkménistan
0%
Tuvalu
0%
Aucun quiz correspondant
Distribution des résultats
% des personnes avec chaque résultat
Percentile par nombre de réponses
Votre historique - résultats
Vous n’avez pas pris ce quiz